Teoría macroeconómica / (Record no. 96615)

MARC details
000 -LEADER
campo de control de longitud fija 00883nam a2200253 i 4500
001 - NÚMERO DE CONTROL
campo de control 96615
003 - IDENTIFICADOR DE NÚMERO DE CONTROL
campo de control ES-MaACL
005 - FECHA Y HORA DE LA ÚLTIMA TRANSACCIÓN
campo de control 20230906181940.0
007 - CAMPO FIJO DE DESCRIPCIÓN FÍSICA--INFORMACIÓN GENERAL
campo de control de longitud fija t|
008 - DATOS DE LONGITUD FIJA--INFORMACIÓN GENERAL
campo de control de longitud fija 050628s1984 sp ||||1| spa d
020 ## - NÚMERO INTERNACIONAL ESTÁNDAR DEL LIBRO
Número Internacional Estándar del Libro 84-206-8984-X(O.C.)
100 1# - ENTRADA PRINCIPAL--NOMBRE DE PERSONA
Nombre de persona Malinvaud, Edmond.
9 (RLIN) 75782
245 10 - MENCIÓN DEL TÍTULO
Título Teoría macroeconómica /
Mención de responsabilidad, etc. Edmond Malinvaud; versión española de Angel Ortí, Manuel Sánchez, Fernando Fernández.
260 ## - PUBLICACIÓN, DISTRIBUCIÓN, ETC.
Lugar de publicación, distribución, etc. Madrid :
Nombre del editor, distribuidor, etc. Alianza,
Fecha de publicación, distribución, etc. 1984.
300 ## - DESCRIPCIÓN FÍSICA
Extensión 2 v. ;
Dimensiones 23 cm.
490 1# - MENCIÓN DE SERIE
Mención de serie Alianza universidad. Textos ;
Designación de volumen o secuencia 87,93
505 8# - NOTA DE CONTENIDO CON FORMATO
Nota de contenido con formato Contiene: 1. Comportamientos, crecimiento 2. Dinámica a corto plazo
700 0# - ENTRADA AGREGADA--NOMBRE PERSONAL
Nombre de persona Ortí Lahoz, Angel.
9 (RLIN) 87530
700 1# - ENTRADA AGREGADA--NOMBRE PERSONAL
Nombre de persona Sánchez, Manuel.
9 (RLIN) 102404
700 1# - ENTRADA AGREGADA--NOMBRE PERSONAL
Nombre de persona Fernández, Fernando.
9 (RLIN) 49361
830 0# - PUNTO DE ACCESO ADICIONAL DE SERIE-TÍTULO UNIFORME
Título uniforme Alianza universidad. Textos ;
Designación de volumen o secuencia 87,93
9 (RLIN) 177885
852 ## - LOCALIZACIÓN
Ubicación ES-MaACL
Número de control de estantería L-8943-4
Sublocalización o colección R.110554
Holdings
Estatus retirado Estado de pérdida Estado de daño No para préstamo Biblioteca de origen Biblioteca actual Ubicación en estantería Fecha de adquisición Fuente de adquisición Total de préstamos Signatura topográfica completa Código de barras Visto por última vez Precio de reemplazo Tipo de ítem Koha
        Biblioteca del Ateneo de Madrid Biblioteca del Ateneo de Madrid Depósito 2 17/01/2008     L-8943-4 1100867 23/02/2023 23/02/2023 Libro impreso